=LDR 00000nam 2200000 4500 =001 INLIS000000000040172 =005 20130612145741 =008 ***********************************ind** =035 ##$$0010-061300000040172 =041 ##$$a ind =100 ##$$a Marbun =245 ##$$a Demokrasi Jerman Perkembangan dan Masalahnya =650 ##$$a Demokrasi =850 ##$$a NBPNMAT